USA's closest allies - Statistics

General Stats
  • This quiz has been taken 208 times
  • The average score is 23 of 33
Answer Stats
Hint Answer % Correct
North America Canada
98%
Europe United Kingdom
98%
Europe Germany
94%
Oceania Australia
93%
Europe France
93%
Asia Japan
93%
Asia South Korea
91%
Europe Italy
89%
Europe Spain
88%
South America Brazil
82%
Europe Poland
81%
Oceania New Zealand
79%
Europe Norway
79%
Europe Sweden
79%
Europe Belgium
72%
Asia Israel
72%
Europe Portugal
72%
South America Argentina
71%
Europe Netherlands
70%
Asia* Taiwan
69%
Europe Denmark
66%
Europe Ireland
66%
Europe Ukraine
64%
South America Colombia
61%
Asia Philippines
61%
Asia Saudi Arabia
59%
North America Panama
49%
Asia Thailand
47%
Africa Morocco
39%
North America Costa Rica
36%
Europe* Kosovo
32%
Europe Albania
26%
Asia Jordan
26%
No matching quizzes found
Score Distribution
Percent of People with Each Score
Percentile by Number Answered
Your Score History
You have not taken this quiz